1457 1347 1728 1166 1669 1779 1974 1273 1886 1788 1226 1335 1264 1858 1565 1073 1680 1017 1093 1154 1675 1660 1666 1255 1382 1429 1373 1447 1251 1332 1180 1837 1826 1267 1039 1682 1356 1363 1274 1573 1661 1265 1767 1671 1017 1833 1409 1057 1524 1154 1748 1277 1177 1124 1258 1108 1700 1954 1085 1484 1629 1301 1987 1273 1684 1074 1264 1535 1994 1893 1357 1171 1374 1523 1751 1564 1323 1418 1223 1822 1120 1338 1249 1826 1533 1494 1720 1948 1792 1555 1477 1922 1983 1111 1031 1112 1830 1536 1323 BCNSPRNW ULIB Ver.6.0+V

เปลี่ยนเป็นภาษาไทย

Change to English
 แสดงรายละเอียดบรรณานุกรม
  กลับหน้าหลัก

Brief Record : Get Marc (ISO 2709) : E-mail record : QR code < ปิดหน้าต่าง
LEADER : 00000nam 2200000uu 4500
001    13399122245
003     ULIB
008    130116s||||||||th 000 0 tha d
020    ^a9786165070386(ล.5)
060  4 ^aWS103^bM111พ ล.5
100 0  ^aสดุดี พิมล
245 00 ^aพัฒนาการวัยเตาะแตะ เล่ม 5 (ลูกน้อยในบ้านช่วงวัย 13-36 เดือน) ^cแปลและเรียบเรียงโดย สดุดี พิมล
250    ^aพิมพ์ครั้งที่ 1
260    ^aกรุงเทพฯ^bสำนักพิมพ์หมอชาวบ้าน^c2554
300    ^a352 หน้า
650  7 ^aเด็กก่อนวัยเข้าเรียน
650  7 ^aพัฒนาการเด็ก
700 0  ^aสดุดี พิมล,^eแปลและเรียบเรียง
945    ^p250^l0^i19737
995    ^aกัณชพร
999    ^aใช้งานได้ทุกระบบ
รายการนี้ยังไม่มีแท็ก
คุณยังไม่ได้ล็อกอิน คุณสามารถมีกิจกรรมร่วมกับเว็บไซต์ได้ แต่ต้องล็อกอินก่อน ::
  ล็อกอิน

รายการสื่อสารสนเทศ

ลำดับที่ ประเภท เลขเรียก/บาร์โค้ด สถานที่ สถานะ
1. วิทยาศาสตร์การแพทย์ และสุขภาพ
วิทยาศาสตร์การแพทย์ และสุขภาพ
สถานะ=หนังสือเก่า
WS103 M111พ ล.5  
  Barcode: 19737
ห้องสมุดวิทยาเขตนครสวรรค์
►ส่วนจัดเก็บหนังสือเก่า นว.
บนชั้น
  ขอยืม

รายการใกล้เคียง
    ผู้แต่ง [สดุดี พิมล]

    หัวเรื่อง [เด็กก่อนวัยเข้าเรียน]
    หัวเรื่อง [พัฒนาการเด็ก]

BibComment


ยังไม่เคยถูกคอมเมนท์

คอมเมนท์ทรัพยากรรายการนี้
  คอมเมนท์: พัฒนาการวัยเตาะแ..


 Copyright 2026. Bcnsprnw @Library